|
|
|
|
| LEADER |
00000nam a2200000 a 4500 |
| 001 |
vtls010285866 |
| 003 |
SK-MaSNL |
| 005 |
20260301173133.0 |
| 007 |
co bg muuua |
| 008 |
180809s2011 xo fsan 000 0 slo |
| 015 |
|
|
|a SNBS2013
|
| 020 |
|
|
|a 9788081270178
|q (elektronická kniha)
|
| 040 |
|
|
|a SNK
|b slo
|c SNK
|e AACR2
|
| 041 |
0 |
|
|a slo
|b eng
|b ger
|
| 043 |
|
|
|a e-xo---
|
| 044 |
|
|
|a xo
|c SK
|
| 072 |
|
7 |
|a 94(437)
|x Dejiny Česka a Slovenska
|2 konspekt
|
| 072 |
|
7 |
|a 94(100)
|x Svetové dejiny
|2 konspekt
|
| 080 |
|
|
|a 94(437.6)
|2 2001
|
| 080 |
|
|
|a 94(100)
|2 2001
|
| 080 |
|
|
|a (062.552)
|2 2001
|
| 080 |
|
|
|a (0.034.44)
|2 2001
|
| 080 |
|
|
|a (048.8)
|2 2001
|
| 245 |
0 |
0 |
|a Historia nova
|n I - 2010 - 2
|h elektronický zdroj
|b dejiny prístupné všetkým : štúdie o minulosti Slovenska a sveta
|c editor Peter Podolan
|
| 250 |
|
|
|a [1. vyd.]
|
| 260 |
|
|
|a Bratislava
|b STIMUL
|c 2011
|
| 300 |
|
|
|a 1 elektronický optický disk (CD-ROM)
|c 12 cm
|
| 500 |
|
|
|a Názov z titulnej obrazovky
|
| 516 |
|
|
|a Textový dokument (štúdie), súbory vo formáte pdf, htm
|
| 538 |
|
|
|a Technické požiadavky: PDF prehliadač, internetový prehliadač
|
| 546 |
|
|
|a Res. angl., nem.
|
| 650 |
0 |
7 |
|a svetové dejiny
|2 SNKPH
|9 4037
|
| 650 |
0 |
7 |
|a World history
|2 SNKPHeng
|9 275271
|
| 651 |
|
7 |
|a Slovensko
|x dejiny
|2 SNKPH
|9 13278
|
| 651 |
|
7 |
|a Slovakia
|x history
|2 SNKPHeng
|9 266841
|
| 655 |
|
7 |
|a elektronické zdroje
|2 SNKPH
|9 90954
|
| 655 |
|
7 |
|a CD-ROM
|2 SNKPH
|9 70236
|
| 655 |
|
7 |
|a zborníky
|2 SNKPH
|9 70165
|
| 655 |
|
7 |
|a štúdie
|2 SNKPH
|9 57033
|
| 655 |
|
7 |
|a Electronic resources
|2 SNKPHeng
|9 175546
|
| 655 |
|
7 |
|a Miscellanea
|2 SNKPHeng
|9 265155
|
| 655 |
|
7 |
|a Studies
|2 SNKPHeng
|9 265573
|
| 700 |
1 |
|
|a Podolan, Peter,
|d 1980-
|4 edt
|9 54322
|
| 856 |
4 |
1 |
|u http://www.fphil.uniba.sk/index.php?id=historia_nova
|
| 919 |
|
|
|a 978-80-8127-017-8
|
| 999 |
|
|
|c 835839
|d 837769
|
| 952 |
|
|
|a SNK
|b SNK
|y PREZ
|7 0
|p 17A0705099
|o snkSCDM 3945
|i snk2011/13650
|8 0
|0 0
|1 0
|4 0
|d 2011-06-15
|l 0
|r 2026-02-24 03:52:53
|w 2026-02-24
|
| 952 |
|
|
|t snkHIS 94(437.6)
|a SNKMST
|b SNKMST
|y PREZ
|7 0
|p 17A0704699
|o snkSCDM 3945 D1
|i snk2011/13651
|8 0
|0 0
|1 0
|4 0
|d 2011-06-15
|l 0
|r 2025-08-13 00:00:00
|w 2026-02-24
|